000 00672nam a2200181Ia 4500
008 100921s9999 xx 000 0 und d
082 _b39861
_a891.463 न 05
100 _aदेसाई नयनतारा.
245 _aआम्ही चुकलो नाही.
260 _bमंगल दीप प्रकाशन, पुणे.
_c2005
300 _a239
_bस्वरदा बुक्स
365 _b240
520 _aललित-कादंबरी.
630 _aआम्ही चुकलो नाही.
650 _aललित-कादंबरी.
730 _aआम्ही चुकलो नाही.
942 _cBOOK
999 _c788974
_d788971